| 000 | 01149nam a2200313 i 4500 | ||
|---|---|---|---|
| 003 | EG-GICUC | ||
| 005 | 20260121101518.0 | ||
| 008 | 251217s1961 fr ||||fr|||| 000 0 fre d | ||
| 040 |
_aEG-GiCUC _bfre _cEG-GiCUC _dEG-GiCUC _eRda |
||
| 041 | _afre | ||
| 082 | 0 | 4 |
_221 _a341.84 _bBO . C |
| 092 | 0 | 4 | _221 |
| 099 | _aLaw1 12 341.84 BO . C 1961 | ||
| 100 | 1 |
_aBourel, Pierre. _eAuteur |
|
| 245 | 1 | 4 |
_aLes Conflits De Lois en Matière D'obligations Extracontractuelles / _cpar Pierre Bourel ; Préface. de Y. Loussouarn. |
| 264 | 1 |
_aParis : _bLibrairie générale de droit et de jurisprudence, _c1961. |
|
| 300 |
_avii, 299 pages ; _c24 cm. |
||
| 336 |
_2rda contenu _a texte |
||
| 337 |
_2rda medias _aOrdinateur |
||
| 338 |
_2 transporteur rda _a Ressource en ligne |
||
| 490 | 0 |
_aBibliothèque de droit privé ; _vt. 22. |
|
| 504 | _aIncludes bibliographical references (pages 271-279) | ||
| 546 | _aTexte en français | ||
| 650 | 1 | 4 |
_aConflit de lois _xDroit international privé |
| 700 | 1 |
_aLoussouarn Y. _ePréfacier |
|
| 856 | 4 | 0 | _uhttps://fll.law.cu.edu.eg/fulltext/bks/B12-01626.pdf |
| 905 |
_a75 _eHassnaa |
||
| 942 |
_2ddc _n0 _cBK _e21 |
||
| 999 |
_c51233 _d51233 |
||